Missing Word: Winged Writings Quiz Stats

 Plays Quiz Updated Sep 30, 2015

Challenge
Share
Tweet
Embed
Score 0/20 Timer 03:00
0 Plays Today
Writing Missing Word % Correct
I Know Why the Caged ____ SingsBird
97.9%
Lord of the _____Flies
96.1%
The Maltese ______Falcon
94.3%
One Flew Over the ______'s NestCuckoo
93.4%
The _____ has LandedEagle
93%
The _______ BriefPelican
91.7%
Harry Potter & the Order of the _______Phoenix
89.6%
______ Soup for the SoulChicken
88.6%
Lonesome ____Dove
83.5%
The ___ and the PussycatOwl
74.6%
Writing Missing Word % Correct
Jonathan Livingston _______Seagull
74.3%
The Secret Life of ____Bees
65.9%
The Trumpet of the ____Swan
60.2%
The Hunger Games: __________Mockingjay
59.4%
A Cat Among the _______Pigeons
30.4%
A Feast for _____Crows
29.5%
The ________ CoastMosquito
28.6%
The Wild ____Duck
24.3%
The Song of the ____Lark
15.4%
The Eyes of the ______Dragon
15.3%

Today's Daily Dose

You're not logged in!

Compare scores with friends on all Sporcle quizzes.
Join for Free
OR
Log In

You Might Also Like...

Show Comments

Extras

Top Quizzes Today


Score Distribution

Your Account Isn't Verified!

In order to create a playlist on Sporcle, you need to verify the email address you used during registration. Go to your Sporcle Settings to finish the process.

Report this User

Report this user for behavior that violates our Community Guidelines.

Details: